MARC

LEADER 00000nam0a2200000 4500
001 329854
005 20231102004213.0
035 |a (RuTPU)RU\TPU\book\355622 
035 |a RU\TPU\book\355621 
090 |a 329854 
100 |a 20170322a1980 k y0rusy5003 ca 
101 0 |a rus 
102 |a RU 
105 |a a z 001zy 
200 1 |a Раннемеловое озеро Манлай  |f Академия наук СССР (АН СССР), Палеонтологический институт (ПИН) ; Академия наук Монгольской Народной Республики (АН МНР), Геологический институт ; отв. ред. Н. С. Калугина 
210 |a Москва  |c Наука  |d 1980 
215 |a 93 с.  |c ил. 
225 1 |a Труды совместной Советско-Монгольской палеонтологической экспедиции  |v Вып. 13 
320 |a Библиография в конце статей 
606 1 |a Членистоногие ископаемые  |2 stltpush  |3 (RuTPU)RU\TPU\subj\18777  |9 44148 
606 1 |a Меловые отложения  |2 stltpush  |3 (RuTPU)RU\TPU\subj\42061  |9 61820 
610 1 |a ранний мел 
610 1 |a Монгольская Народная Республика 
610 1 |a экспедиции 
610 1 |a фауна 
610 1 |a флора 
610 1 |a озерные отложения 
610 1 |a насекомые 
610 1 |a ракообразные 
610 1 |a ручейники 
675 |a 566.4/.7  |z rus  |v 3 
675 |a 551.763  |z rus  |v 3 
702 1 |a Калугина  |b Н. С.  |4 340 
712 0 2 |a Академия наук СССР (АН СССР)  |b Палеонтологический институт (ПИН)  |c (Москва)  |2 stltpush  |3 (RuTPU)RU\TPU\col\11384 
712 0 2 |a Академия наук Монгольской Народной Республики (АН МНР)  |b Геологический институт  |2 stltpush  |3 (RuTPU)RU\TPU\col\11935 
801 0 |a RU  |b 63413507  |c 19950704  |g psbo 
801 1 |a RU  |b 63413507  |c 20150304 
801 2 |a RU  |b 63413507  |c 20170324  |g RCR 
942 |c BK